| 000 | 00569nam a22001817a 4500 | ||
|---|---|---|---|
| 003 | OSt | ||
| 005 | 20240606063211.0 | ||
| 008 | 240606b |||||||| |||| 00| 0 eng d | ||
| 020 | _a9789919933 | ||
| 040 |
_aDWC- Main Lib _cOC |
||
| 082 | _aFil. 658.04 S714p 2015 | ||
| 100 | _aSoriano, Fidelito R. | ||
| 245 |
_aPartnerships and Corporations (law and Application) / _cFidelito R. Soriano. |
||
| 250 | _a2015 edition | ||
| 260 |
_aManila, Philippines : _bGIC Enterprises & Co. Inc., _cc2015. |
||
| 300 |
_a540 pages : _billustrations ; _c23cm. |
||
| 942 |
_2ddc _cBK - FIL _n1 |
||
| 999 |
_c287 _d287 |
||